Xác chết loạn giang hồ : Đàn chỉ thần công

Saved in:
Bibliographic Details
Main Author: Ngọa, Long Sinh
Format: Book
Language:Undetermined
Published: Hà Nội Lao Động 2004
Subjects:
Tags: Add Tag
No Tags, Be the first to tag this record!
Institutions: Trung tâm Học liệu Trường Đại học Cần Thơ
LEADER 00610nam a2200205Ia 4500
001 CTU_64814
008 210402s9999 xx 000 0 und d
020 |c 35000 
082 |a 895.13 
082 |b S312/T.1 
100 |a Ngọa, Long Sinh 
245 0 |a Xác chết loạn giang hồ : 
245 0 |b Đàn chỉ thần công 
245 0 |c Ngọa Long Sinh; Hồng Lĩnh Sơn biên dịch 
260 |a Hà Nội 
260 |b Lao Động 
260 |c 2004 
650 |a Chinese fiction ( vietnamese ) 
904 |i Minh,Hải 
980 |a Trung tâm Học liệu Trường Đại học Cần Thơ